| 000 | 00943nam a22002417a 4500 | ||
|---|---|---|---|
| 999 |
_c16288 _d16288 |
||
| 003 | AR-CdUCM | ||
| 008 | 190503b ||||| |||| 00| 0 spa d | ||
| 040 |
_aMUNICIPALIDAD PROVINCIAL DEL CUSCO _cBIBLIOTECA MUNICIPAL DEL CUSCO |
||
| 041 | _heng | ||
| 082 |
_a330.973 / _bD92 |
||
| 100 |
_aDorfman, Joseph _935642 |
||
| 245 |
_aEl pensamiento económico en la civilización norteamericana : _bhistoria de la contribución norteamericana al pensamiento económico : un estudio fundamental de la cultura de los Estados Unidos / |
||
| 260 |
_aMéxico : _bGuarania, _c1953. |
||
| 300 |
_a3 tomos ; _c21.5 cm. |
||
| 505 | _aContenido: t.1. 1606-1865 -- t.2. 1606-1865 -- t.3: 1865- 1918. | ||
| 650 |
_aEconomía _9382 |
||
| 650 |
_aHistoria económica _913 |
||
| 650 |
_aCondiciones económicas _91989 |
||
| 650 |
_aHistoria _9136 |
||
| 700 |
_aRovira Armengol, José, (traductor) _931686 |
||
| 942 |
_2ddc _cLIBROS |
||
| 945 |
_aacv _d2019-05-03 |
||